000 01629nam a2200337 c 4500
003 BLK
005 20191126144429.0
008 180409b bul|||||r ||||||| ||bul||
010 _aKNG00120708000
040 _aBLK
041 _aBUL
_cBUL
080 _aПриложно изкуство. Художествени занаяти. Интериор. Дизайн. Играчки. Худож. пространствено оформление
_b745/749
_x(497.2)
_z745/749(497.2)
100 1 _aАрбалиев, Георги Петров
_eпърви автор
_933300
139 _aАрбалиев, Георги Петров
_bА 81
245 1 0 _aБългарското приложно изкуство
_bРезбарство, декоративна скулптура, ковано желязо, медникарство, златарство, керамика
_cГеорги Петров Арбалиев.
257 _aBGR
260 София
_bНар. младеж
_c1961
300 _a152 с.
_bс ил.
_c16 см
380 _a7
490 1 _aПоредица Млади приятели на изкуството
_vКн. 5-6
500 _a5 100 тир.
650 4 _aПриложно и декоративно изкуство - България
_9247366
651 4 _aБългария
_9241624
653 _aприложни изкуства
653 _aдекоративно изкуство
852 _aЦб І 4675
856 4 _qpdf
_u
856 4 _qpdf
_u
942 _cKNG
_n0
_02
944 _aCR
_c08.01.2011
_lф / 07.01.2011
_kНаталия_Любомирова
944 _aED
_c25.08.2015
_lф / 07.01.2011
_kЛюдмила_Стоянова
999 _c115235
_d115235